000 00712nam a2200289Ia 4500
001 17730
003 IT-RoPAU
008 130308s9999 xx 000 0 und d
040 _aIT-RoPAU
040 _cIT-RoPAU
041 _aITALIANO
100 _aChili Giorgio
100 _gCodice Aut. SPICS: 8074
245 _aDisegno animato (Il)
245 _bVolto del Cinema (Il)
250 _a1a ed.
260 _aROMA
260 _bAve
260 _c1941 [1° Ed.:1941 - Ed.Ling.Originale:1941]
300 _a"7 p. (prefazione: no ; testo: 7 [pagine: 243-249])"
650 _aSAGGI SUL CINEMA
650 _eCodice materia Spics: 6811
942 _cBK
957 _71
999 _c55215
_d55215
999 _bSI
999 _g1